Statistics for Name that battle!

Click here to take the quiz!

General Stats

  • This quiz has been taken 12 times
  • The average score is 7 of 16

Answer Stats

Answer% Correct
Battle of Marathon
73%
First Battle of El Alamein
73%
Battle of Tours
55%
First Battle of the Marne
55%
Siege of Baghdad (1258)
55%
Siege of Jerusalem (587 BC)
55%
Siege of Tenochtitlan
55%
Battle of Vienna (1683)
45%
Battle of Adwa (1896)
36%
Battle of Huế
36%
Battle of Zama
36%
Battle of the Hydaspes
27%
Battle of Berezina
18%
Battle of Formigny
18%
Battle of Leuthen
18%
Battle of Marignano
9%

Score Distribution

Percentile by Number Answered

Percent of People with Each Score

Your Score History

You have not taken this quiz